| 000 | 00617nam a2200217Ia 4500 | ||
|---|---|---|---|
| 003 | OSt | ||
| 005 | 20250204085554.0 | ||
| 008 | 210716s1983 xx 000 0 und d | ||
| 020 | _a0380617625 | ||
| 040 | _cAIMIT LIBRARY | ||
| 041 | _aeng | ||
| 082 |
_a953.805 _21 _bLACR |
||
| 100 |
_aLacey, Robert. _9197346 |
||
| 245 |
_aKingdom: _barabia and the house of Saud / _cBy Robert Lacey. |
||
| 250 | _a1st ed. | ||
| 260 |
_aNew York : _bAvon Books ; _c1983. |
||
| 300 |
_a630p. ; _bPB _c17 cm. |
||
| 650 |
_aBurning concern _9197347 |
||
| 650 |
_aProminent princes _9197348 |
||
| 942 |
_2ddc _cBK _e1st ed. _k953.805 LACR |
||
| 999 |
_c200045 _d200045 |
||